000 01649cam a2200373 a 4500
001 EDZ0000077482
003 StDuBDS
005 20161031105128.0
006 m||||||||d||||||||
007 cr |||||||||||
008 120418s2008 caua fo| 001|0|eng d
020 _a9781452218984 (ebook) :
_cNo price
040 _aStDuBDS
_beng
_cStDuBDS
_epn
049 _aAlfaisal Main Library
050 0 _aLB2831.92
_b.G73 2008
082 0 4 _a371.20110973
_223
100 1 _aGray, Susan Penny.
245 1 0 _aFrom good schools to great schools
_h[electronic resource] :
_bwhat their principals do well /
_cSusan Penny Gray, William A. Streshly ; foreword by Marge Hobbs.
260 _aThousand Oaks, Calif. :
_bCorwin ;
_aLondon :
_bSAGE,
_cc2008.
300 _a1 online resource (xxvi, 157 p.) :
_bill.
520 8 _aGray and Streshly show how we can rethink the way headteachers are trained and illustrate how to incorporate key leadership qualities into administrative preparation curriculum and ongoing professional development for leaders.
521 _aSpecialized.
588 _aDescription based on print version record.
504 _aIncludes bibliographical references and index.
650 0 _aSchool principals
_zUnited States.
650 0 _aEducational leadership
_zUnited States.
650 0 _aSchool management and organization
_zUnited States.
655 7 _aElectronic books.
_2local
700 1 _aStreshly, William A.
710 2 _aSage eBooks
776 0 8 _iPrint version :
_z9781412948999
856 4 0 _uhttp://ezproxy.alfaisal.edu/login?url=http://sk.sagepub.com/books/from-good-schools-to-great-schools
942 _2lcc
_cEBOOKS
999 _c479917
_d479917